Представление документа в формате RUSMARC

ПолеНазваниеЗначение
  Тип записи a
  Библиографический уровень a
001 Контрольный номер 3428870b1f2647edbd080c4f5ab97e69
005 Дата корректировки 20260219174801.4
100 Данные общей обработки __
a Данные общей обработки 20260219 ||| 0rusy0189 ca
101 Язык документа 0_
a Язык текста rus
102 Страна публикации __
a Страна публикации RU
200 Заглавие и сведения об ответственности 1_
a Заглавие Жёсткий вопрос
e Сведения, относящиеся к заглавию [советы как минимизировать негативное влияние жёсткой воды на уход за волосами]
f Первые сведения об ответственности М. Никитина
461 Уровень набора _0
1 2000
a Маруся
463 Уровень физической единицы _0
1 2000
a № 1 (393)
v С. 16-17 : фот.
1 2101
d 2026
1 00181c752d22ded453cbee866e81cfbcc92
517 Другие варианты заглавия 1_
a Другие варианты заглавия Жесткий вопрос
606 Тематические рубрики 0_
a Основная рубрика Медицинская косметология
610 Ключевые слова 0_
a Ключевые слова уход за волосами, средства для волос, жёсткая вода, мытьё волос, ополаскивание волос, советы по уходу
686 Индексы других классификаций __
a Классификационный индекс 51.204.1
700 Автор _1
a Фамилия Никитина
b Имя (инициалы) М.
g Полное личное имя Мария
801 Источник записи _0
a Страна RU
b Организация УОБДЮ
c Дата составления 20260219
g Правила каталогизации RCR
801 Источник записи _1
a Страна RU
b Организация УОБДЮ
c Дата составления 20260219
g Правила каталогизации RCR
901 Тип документа __
t Тип документа b
w Контрольный № источника 81c752d22ded453cbee866e81cfbcc92
905 Данные по созданию БЗ __
b Логин пользователя, который создал БЗ ibo4
909 Создатель записи __
a Создатель записи Бобылёва И.В.
910 Корректоры записи __
a Корректор записи Бобылёва И.В.